Narodowości Które Strzeliły Gole w Ekstraklasie - Statystyki

Ogólne statystyki
  • Ten quiz został rozwiązany 414 razy
    363 od ostatniego zresetowania
  • Średni wynik to 64 z 91
Statystyki odpowiedzi
Liczba Bramek Kraj % Poprawnych
13.281 Polska
99%
661 Hiszpania
97%
90 Niemcy
96%
69 Szwecja
95%
297 Czechy
94%
385 Portugalia
94%
27 Rosja
94%
400 Słowacja
94%
188 Litwa
92%
137 Łotwa
92%
303 Brazylia
91%
40 Norwegia
91%
5 Stany Zjednoczone
91%
83 Ukraina
91%
44 Estonia
90%
97 Finlandia
90%
30 Francja
89%
65 Japonia
88%
63 Austria
87%
4 Kanada
87%
17 Włochy
87%
29 Argentyna
86%
73 Dania
86%
39 Grecja
86%
19 Irlandia
86%
361 Serbia
86%
7 Anglia
85%
64 Holandia
85%
10 Turcja
85%
14 Belgia
84%
51 Białoruś
83%
192 Chorwacja
83%
94 Węgry
83%
166 Słowenia
82%
84 Bułgaria
81%
3 Meksyk
81%
57 Rumunia
81%
40 Szwajcaria
81%
9 Republika Południowej Afryki
80%
4 Szkocja
80%
7 Chile
78%
22 Kolumbia
78%
2 Islandia
77%
17 Mołdawia
76%
44 Albania
75%
8 Maroko
75%
162 Bośnia i Hercegowina
74%
3 Kazachstan
74%
27 Niger
74%
46 Czarnogóra
73%
1 Iran
73%
24 Urugwaj
73%
74 Nigeria
72%
124 Gruzja
71%
36 Peru
71%
9 Kosowo
70%
41 Macedonia Północna
70%
24 Senegal
70%
12 Armenia
66%
29 Izrael
66%
22 Ekwador
65%
1 Wenezuela
65%
5 Demokratyczna Republika Konga
64%
29 Kamerun
64%
5 Wybrzeże Kości Słoniowej
64%
5 Azerbejdżan
63%
7 Tunezja
63%
4 Cypr
62%
2 Malta
61%
33 Ghana
60%
1 Nowa Zelandia
60%
5 Panama
58%
9 Angola
57%
28 Kostaryka
54%
16 Honduras
52%
34 Gwinea
47%
53 Zimbabwe
47%
24 Haiti
45%
52 Burkina Faso
42%
1 Gabon
40%
2 Mozambik
39%
8 Gambia
37%
3 Afganistan
36%
3 Kirgistan
35%
2 Gwinea Bissau
34%
11 Republika Zielonego Przylądka
29%
17 Burundi
25%
1 Mauritius
24%
4 Palestyna
17%
1 Curacao
13%
3 Martynika
8%
Nie znaleziono quizów pasujących do podanych kryteriów
Rozkład punktacji
Procent ludzi z każdym wynikiem
Percentyl według liczby udzielonych odpowiedzi
Twoja historia wyników
Nie rozwiązałeś tego quizu od ostatniego zresetowania